|
|
|
|
| LEADER |
00000cam a2200000 7i4500 |
| 001 |
0000002246 |
| 002 |
000002447 |
| 005 |
20000330.0 |
| 020 |
|
|
|a 9839886002
|
| 090 |
0 |
0 |
|a 915.95113
|b KHO
|
| 100 |
1 |
|
|a Khoo, Su Nin
|
| 245 |
1 |
0 |
|a Streets of George Town Penang :
|b text and photographs by Khoo Su Nin
|
| 260 |
|
|
|a Penang :
|b Janus Print & Resources ,
|c 1993
|
| 300 |
|
|
|a 189p. :
|b ill ;
|c 22cm.
|
| 651 |
|
0 |
|a Georgetown (Pulau Pinang)
|x Description
|x Views
|
| 999 |
|
|
|a 035656
|b BUKU
|c RUJUKAN
|e PERPUSTAKAAN KOMUNITI PETALING JAYA
|
| 999 |
|
|
|a 036722
|b BUKU
|c PINJAMAN
|e PERPUSTAKAAN KOMUNITI PETALING JAYA
|